Famous Jennifers - Statistics

General Stats
  • This quiz has been taken 61 times
  • The average score is 6 of 16
Answer Stats
Picture Answer % Correct
Jennifer Aniston
96%
Jennifer Lopez
95%
Jennifer Lawrence
84%
Jennifer Garner
60%
Jennifer Coolidge
54%
Jennifer Grey
44%
Jennifer Love Hewitt
44%
Jennifer Hudson
35%
Jennifer Connelly
30%
Jennifer Jason Leigh
23%
Jennifer Tilly
23%
Jenny Gump
16%
Jenny McCarthy
12%
Jennifer Melfi
9%
Jennifer Morrison
9%
Jen Lindley
7%
No matching quizzes found
Score Distribution
Percent of People with Each Score
Percentile by Number Answered
Your Score History
You have not taken this quiz